| 000 | 01169nam0a2200313 4500 | ||
|---|---|---|---|
| 001 | RU\NLR\BIBL_A\010578247 | ||
| 005 | 20250614074131.0 | ||
| 010 |
_a978-5-9925-0475-0 _94000 |
||
| 021 |
_aRU _b2014-82303 _95005 |
||
| 035 | _a(NLR Aleph) 010578247 | ||
| 090 |
_a10450945 _c10450945 |
||
| 100 | _a20121024d2014 |||y0rusy50 ca | ||
| 101 | 0 | _aeng | |
| 102 | _aRU | ||
| 105 | _ay z 000ay | ||
| 200 | 1 |
_aFahrenheit 451 _e[книга для чтения на английском языке] _fRay Bradbury _gкоммент. и слов. Е.Г. Тигонен |
|
| 210 |
_aСанкт-Петербург _cКАРО _d2014 |
||
| 215 |
_a220, [2] с. _d16 |
||
| 225 | 1 |
_aEnglish _iModern prose |
|
| 300 | _aВ вып. дан.: 451 градус по Фаренгейту / Рэй Дуглас Бредбери | ||
| 333 | _a16+ | ||
| 517 | 1 |
_a451 градус по Фаренгейту _zrus |
|
| 606 | 1 |
_aАнглийский язык _jКниги для чтения _9972309 _3RU\NLR\AUTH\6646032 |
|
| 686 | 1 | _aШ143.21-93рус91 | |
| 700 | 1 |
_aBradbury _bR. _f1920-2012 _gRay |
|
| 942 | _cBOOK | ||
| 980 | _aNB | ||